书目信息 |
| 题名: |
普通化学
|
|
| 作者: | ;华北农业大学 编 | |
| 分册: | ||
| 出版信息: | 上海 上海科学技术出版社 1978 |
|
| 页数: | 211页 | |
| 开本: | 26cm | |
| 丛书名: | ||
| 单 册: | ||
| 中图分类: | O612 | |
| 科图分类: | ||
| 主题词: | 普通化学--高等学校--教材 , 无机化学 | |
| 电子资源: | ||
| ISBN: | ||
| 000 | 00773nam0 2200253 45 | |
| 001 | 0178006152 | |
| 005 | 20060726105830.57 | |
| 010 | @dCNY1.20 | |
| 091 | @a13119.746 | |
| 100 | @a19950726d1978 em y0chiy0121 ea | |
| 101 | 0 | @achi |
| 102 | @aCN@b310000 | |
| 105 | @ay z 000yy | |
| 200 | 10 | @a普通化学@Apu tong hua xue@f华北农业大学等编@Fhua bei nong ye da xue deng bian |
| 210 | @a上海@c上海科学技术出版社@d1978 | |
| 215 | @a211页@d26cm | |
| 300 | @a全国高等农林院校试用教材 供农学、果树、蔬菜、植保、蚕桑、茶叶、畜牧、兽医、林学等专业用 | |
| 300 | @a限国内发行 | |
| 606 | @a普通化学@x高等学校@x教材 | |
| 606 | 0 | @a无机化学 |
| 690 | @aO612@v4 | |
| 711 | 02 | @a华北农业大学@Ahua bei nong ye da xue@4编 |
| 801 | 0 | @aCN@bTSSF@c20060726 |
| 905 | @a10447@dO612@e5 | |
| 普通化学/华北农业大学等编.-上海:上海科学技术出版社,1978 |
| 211页;26cm |
| 全国高等农林院校试用教材 供农学、果树、蔬菜、植保、蚕桑、茶叶、畜牧、兽医、林学等专业用.-限国内发行 |
| ISBN :CNY1.20 |
| ● |
| 相关链接 |
|
|
|
|
正题名:普通化学
索取号:O612/5
 
预约/预借
| 序号 | 登录号 | 条形码 | 馆藏地/架位号 | 状态 | 备注 |
| 1 | 0000423 | 202378122 | 密集书库/ [索取号:O612/5] | 在馆 | |
| 2 | 0000425 | 000349705 | 第二样本阅览室/ [索取号:O612/5] | 在馆 | |
| 3 | 0000427 | 202378177 | 密集书库/ [索取号:O612/5] | 在馆 | |
| 4 | 0000428 | 202378131 | 密集书库/ [索取号:O612/5] | 在馆 | |
| 5 | 0000431 | 000349698 | 第二样本阅览室/ [索取号:O612/5] | 在馆 | |
| 6 | 0000432 | 202378168 | 密集书库/ [索取号:O612/5] | 在馆 | |
| 7 | 0432746 | 204327460 | 密集书库/ [索取号:O612/5] | 在馆 |